000
00493nam a2200169Ia 4500
008
090711s9999 xx 000 0 und d
082
_b
75520
100
_a
भट विठ्ठलराय
245
_a
आम्ही हे असे
260
_c
1993
300
_a
82
600
_a
भट विठ्ठलराय
630
_a
आम्ही हे असे
700
_a
भट विठ्ठलराय
730
_a
आम्ही हे असे
942
_c
BOOK
999
_c
300487
_d
300487